Fortnite skins by picture - Statistics

General Stats
  • This quiz has been taken 316 times
  • The average score is 10 of 16
Answer Stats
Picture Answer % Correct
Omega
90%
Skull Trooper
90%
Black Knight
88%
Raven
88%
Red Knight
86%
Cuddle Team Leader
85%
Reaper
82%
Ghoul Trooper
78%
Jonesy
78%
Raptor
60%
Love Ranger
43%
Tricera Ops
38%
Blue Team Leader
37%
Blue Squire
36%
Moonwalker
11%
Trooper
4%
No matching quizzes found
Score Distribution
Percent of People with Each Score
Percentile by Number Answered
Your Score History
You have not taken this quiz